MARC

Tag First Indicator Second Indicator Subfields
LEADER 00000cas a2200000 i 4500
001 in00002842292
005 20160126095912.0
006 m o d f
007 cr mn|||||||||
008 120524d2012201udcumr p o f0 0eng c
010 |a  2012230818 
035 |a (OCoLC)ocn794243914 
040 |a RCJ  |b eng  |e rda  |e pn  |c RCJ  |d RCJ  |d OCLCQ  |d GPO  |d OCLCO  |d OCLCQ  |d OCLCF  |d OCLCO  |d GPO  |d MvI 
042 |a pcc 
043 |a n-us--- 
049 |a WWW 
074 |a 0728-B (online) 
086 0 |a JU 10.3/2: 
245 0 4 |a The third branch news. 
264 1 |a [Washington, D.C.] :  |b Administrative Office of the U.S. Courts 
300 |a 1 online resource :  |b color illustrations 
310 |a Monthly 
336 |a text  |b txt  |2 rdacontent 
337 |a computer  |b c  |2 rdamedia 
338 |a online resource  |b cr  |2 rdacarrier 
362 1 |a Began with: June 2012; ceased publication. 
588 |a Description based on: June 2012; title from HTML caption (viewed December 17, 2012). 
588 |a Latest issue consulted: November 2012 (viewed December 17, 2012). 
580 |a Continued by an updating web site with title: Judiciary news. 
650 0 |a Courts  |z United States  |v Periodicals. 
650 7 |a Courts.  |2 fast  |0 (OCoLC)fst00881747 
651 7 |a United States.  |2 fast  |0 (OCoLC)fst01204155 
655 7 |a Periodicals.  |2 fast  |0 (OCoLC)fst01411641 
710 1 |a United States.  |b Administrative Office of the United States Courts,  |e issuing body. 
780 0 0 |t Third branch (Online)  |w (DLC) 2001231390  |w (OCoLC)47792554 
785 1 0 |t Judiciary news  |w (DLC) 2015231583  |w (OCoLC)929955219 
856 4 0 |u http://purl.fdlp.gov/GPO/gpo32306  |z The third branch news is no longer available online as a monthly; some articles from this publication are available via this PURL at the Judiciary news web site  |t 0 
856 4 0 |u http://purl.fdlp.gov/GPO/gpo32306  |t 0 
999 f f |s 149cede6-1234-3c5d-b644-b0c0a81219a6  |i 41bbe415-a930-3363-9b4f-6530a9bca5f0  |t 0 
952 f f |a Texas A&M University  |b College Station  |c Electronic Resources  |d Available Online  |t 0  |e JU 10.3/2:  |h Superintendent of Documents classification 
998 f f |a JU 10.3/2:  |t 0  |l Available Online